Défi au protestantisme

Saved in:  
Bibliographic Details
Main Author: Reymond, Bernard 1933- (Author)
Format: Print Book
Language:French
Subito Delivery Service: Order now.
Check availability: HBZ Gateway
WorldCat: WorldCat
Interlibrary Loan:Interlibrary Loan for the Fachinformationsdienste (Specialized Information Services in Germany)
Published: Lausanne L'Age d'Homme 1971
In: Alethina (3)
Year: 1971
Series/Journal:Alethina 3
Further subjects:B Protestantism
B Catholicism

MARC

LEADER 00000cam a22000002c 4500
001 1136373322
003 DE-627
005 20240502193256.0
007 tu
008 980612s1971 xx ||||| 00| ||fre c
035 |a (DE-627)1136373322 
035 |a (DE-576)066373328 
035 |a (DE-599)BSZ066373328 
035 |a (OCoLC)01426008 
040 |a DE-627  |b ger  |c DE-627  |e rakwb 
041 |a fre 
084 |a 1  |2 ssgn 
100 1 |0 (DE-588)174078013  |0 (DE-627)698972899  |0 (DE-576)162710860  |4 aut  |a Reymond, Bernard  |d 1933- 
109 |a Reymond, Bernard 1933-  |a Reymond, B. 1933- 
245 1 0 |a Défi au protestantisme  |c Bernard Reymond 
264 1 |a Lausanne  |b L'Age d'Homme  |c 1971 
300 |a 95 S. 
336 |a Text  |b txt  |2 rdacontent 
337 |a ohne Hilfsmittel zu benutzen  |b n  |2 rdamedia 
338 |a Band  |b nc  |2 rdacarrier 
490 1 |a Alethina  |v 3 
583 1 |a Archivierung prüfen  |c 20200919  |f DE-640  |z 2  |2 pdager 
583 1 |a Archivierung/Langzeitarchivierung gewährleistet  |f SSG  |x XA-DE-BW  |2 pdager  |5 DE-21 
601 |a Protestant 
650 0 7 |0 (DE-588)4047538-4  |0 (DE-627)106194321  |0 (DE-576)20907387X  |a Protestantismus  |2 gnd 
650 0 7 |0 (DE-588)4030027-4  |0 (DE-627)106272047  |0 (DE-576)20898528X  |a Katholizismus  |2 gnd 
830 0 |a Alethina  |v 3  |9 3  |w (DE-627)1136733469  |w (DE-576)066733464  |7 am 
935 |a mteo 
951 |a BO 
ELC |b 1 
ITA |a 1  |t 1 
LOK |0 000 xxxxxcx a22 zn 4500 
LOK |0 001 2328498612 
LOK |0 003 DE-627 
LOK |0 004 1136373322 
LOK |0 005 20090714111552 
LOK |0 008 980612||||||||||||||||ger||||||| 
LOK |0 040   |a DE-21  |c DE-627  |d DE-21 
LOK |0 852   |a DE-21 
LOK |0 852 1  |c 2 E 6037  |9 00 
LOK |0 935   |a kram  |a konv  |a theo  |a sepp 
LOK |0 939   |a 12-06-98  |b l01 
LOK |0 000 xxxxxcx a22 zn 4500 
LOK |0 001 2328498639 
LOK |0 003 DE-627 
LOK |0 004 1136373322 
LOK |0 005 20100408175149 
LOK |0 008 980925||||||||||||||||ger||||||| 
LOK |0 040   |a DE-21-35  |c DE-627  |d DE-21-35 
LOK |0 541   |e 7166/73 (ÖkI) 
LOK |0 852   |a DE-21-35 
LOK |0 852 1  |c Oi 10.26  |m p  |9 00 
LOK |0 938   |k p 
LOK |0 939   |a 25-09-98  |b l01 
ORI |a SA-MARC-ixtheoa001.raw 
STA 0 0 |a Catholicism,Catholicism,Protestantism,Protestantism 
STB 0 0 |a Catholicisme,Catholicisme,Protestantisme,Protestantisme 
STC 0 0 |a Catolicismo,Catolicismo,Protestantismo,Protestantismo 
STD 0 0 |a Cattolicesimo,Cattolicesimo,Protestantesimo,Protestantesimo 
STE 0 0 |a 基督新教,基督新教,抗罗宗,更正教,抗罗宗,更正教,天主教,天主教,罗马公教,罗马公教 
STF 0 0 |a 基督新教,基督新教,抗羅宗,更正教,抗羅宗,更正教,天主教,天主教,羅馬公教,羅馬公教 
STG 0 0 |a Catolicismo,Catolicismo,Protestantismo,Protestantismo 
STH 0 0 |a Католицизм (мотив),Католицизм,Протестантизм,Протестантизм,Протестантство,Протестантство (мотив) 
STI 0 0 |a Καθολικισμός (μοτίβο),Καθολικισμός,Προτεσταντισμός (μοτίβο),Προτεσταντισμός 
SYE 0 0 |a Protestantism,Calvinismus,Evangelicalism,Evangelismus,Hugenotten,Lutheraner,Mennoniten,Pietismus,Puritans , Katholiken